000 01110nam a22002655i 4500
001 156539
003 ES-MaACL
005 20230906210432.0
008 981222s1887 fr |||| | fre d
040 _aCCPB | B
_bspa
_cCCPB | B
100 1 _aKamarowsky, L.
_cComte.
_9128424
245 1 3 _aLe Tribunal International /
_cpar le comte L. Kamarowsky ; ouvrage traduit par Serge de Westman ; et précédé d'une introduction par Jules Lacointa.
260 _aParis :
_bA. Durand et Pedone-Lauriel :
_bG. Pedone-Lauriel, Successeur,
_c1887.
300 _a[4], XXXIV, 528 p. ;
_c23 cm.
490 1 _aBibliotèque Internationale & Diplomatique ;
_vXXI
597 1 _aAntep.
650 4 _aTribunales internacionales.
_9136956
700 1 1 _aWestman, Serge de,
_etrad.
_9133912
700 1 1 _aLacointa, Jules,
_epr.
_9128561
752 _aFrancia -
_dParís
830 0 _aBibliotèque Internationale & Diplomatique ;
_vXXI
_9221686
852 _aES-MaACL
_jF-8330
_z-- Enc. pasta española
_x-- Edic.: El imp. consta en colofón: "Laval : Imp. et stér. E. Jamin"
999 _c156539
_d156539